000 00490nam a22001817a 4500
005 20230821115900.0
008 230818b |||||||| |||| 00| 0 eng d
020 _a978-0-19-874936-3
041 _aeng
082 _a611 KOS-C
100 _aKOSHI, DR.RACHEL
_98144
245 _aCUNNINGHAM'S MANUAL OF PRACTICAL ANATOMY:UPPER AND LOWER LIMBS [ VOL-1]
250 _a16TH ED. 2017
260 _aU.K
_bOXFORD UNIVERSITY PRESS
_c2017
300 _a301;p
650 _aBPT
_98145
942 _cBK
999 _c8403
_d8401